Bộ luật dân sự

Những quy định chung của bộ luật dân sự, quy định cụ thể về tài sản và quyền sở hữu, nghĩa vụ dân sự và hợp đồng dân sự, về chuyển quyền sử dụng đất, quyền sở hữu trí tuệ và chuyển giao công nghệ...

Descripció completa

Guardat en:
Dades bibliogràfiques
Autor corporatiu: Việt Nam Cộng hòa xã hội Chủ nghĩa, Quốc Hội
Format: Llibre
Idioma:Undetermined
Publicat: Hà Nội Chính trị Quốc gia - Sự thật 2015
Matèries:
Etiquetes: Afegir etiqueta
Sense etiquetes, Sigues el primer a etiquetar aquest registre!
Thư viện lưu trữ: Trung tâm Học liệu Trường Đại học Cần Thơ
LEADER 01064nam a2200229Ia 4500
001 CTU_196818
008 210402s9999 xx 000 0 und d
020 |c 45000 
082 |a 346.597 
082 |b V308 
110 |a Việt Nam Cộng hòa xã hội Chủ nghĩa 
110 |b Quốc Hội 
245 0 |a Bộ luật dân sự 
245 0 |c Việt Nam Cộng hòa xã hội Chủ nghĩa. Quốc Hội 
260 |a Hà Nội 
260 |b Chính trị Quốc gia - Sự thật 
260 |c 2015 
520 |a Những quy định chung của bộ luật dân sự, quy định cụ thể về tài sản và quyền sở hữu, nghĩa vụ dân sự và hợp đồng dân sự, về chuyển quyền sử dụng đất, quyền sở hữu trí tuệ và chuyển giao công nghệ 
650 |a Civil law,Bộ Luật dân sự 
650 |z Vietnam,Việt Nam 
904 |i Nguyên 
980 |a Trung tâm Học liệu Trường Đại học Cần Thơ